000
00308pab a2200145 454500
008
180718b2002 xxu||||| |||| 00| 0 eng d
100
_a
Arbind Kumar
245
_a
Tribal participation
260
_c
2002
300
_a
p.27-31.
362
_a
Jun
650
_a
Tribes
773
_a
Seminar
909
_a
52544
999
_c
52544
_d
52544